[Event "Skolkovo Russian Rapid GP"]
[Site "Skolkovo"]
[Date "2019.09.22"]
[Round "9"]
[White "Shimanov, Aleksandr"]
[Black "Moiseenko, Vadim"]
[Result "1-0"]
[WhiteElo "2587"]
[BlackElo "2543"]
[PlyCount "69"]
[EventDate "2019.09.21"]
[EventType "swiss (rapid)"]
[EventRounds "11"]
[EventCountry "RUS"]
[SourceTitle "EXT 2020"]
[Source "ChessBase"]
[SourceDate "2019.10.17"]
[SourceVersion "1"]
[SourceVersionDate "2019.10.17"]
[SourceQuality "1"]

1. Nf3 Nf6 2. g3 b6 3. Bg2 Bb7 4. O-O g6 5. b4 Na6 $146 ({RR} 5... Bg7 6. Bb2 O-O 7. c4 Na6 8. a3 c5 9. Qb3 d5 10. Nh4 e6 11. Nc3 dxc4 12. Qxc4 Bxg2 13. Kxg2 Qxd2 14. Rab1 Nc7 15. Rfd1 Qg5 16. Nf3 Qh5 17. h3 g5 18. bxc5 Rac8 19. c6 g4 20. hxg4 {Harikrishna,P (2744)-Rapport,R (2707) Riadh 2017 1-0 (34)}) ({RR} 5... Bg7 6. Bb2 O-O 7. a4 d6 8. a5 a6 9. axb6 cxb6 10. c4 Nbd7 11. d4 Rc8 12. Qb3 Qc7 13. Nbd2 Ne4 14. Rfc1 Nxd2 15. Nxd2 Bxg2 16. Kxg2 Qb7+ 17. Qf3 Qxf3+ 18. Kxf3 e5 19. e3 Ra8 20. Ne4 {Roberson,P (2420)-Piddubna,B (2171) chess.com INT 2024 1-0 (41)}) ({RR} 5... Bg7 6. Bb2 O-O 7. c4 c5 8. bxc5 bxc5 9. Qb3 Qc8 10. Nc3 d6 11. Rab1 Nbd7 12. Rfc1 Bc6 13. d3 Rb8 14. Qa3 Rb6 15. Ba1 Ra6 16. Qb3 Qa8 17. Qd1 Bh6 18. Rc2 Rb8 19. Ne1 Bxg2 20. Nxg2 {Taylor,D (2013)-Eklund,K (2139) Finland 2014 ½-½ (32)}) 6. a3 c5 7. b5 Nc7 8. c4 Bg7 9. Bb2 d5 10. d3 O-O 11. Ne5 e6 12. Nd2 Qd6 13. cxd5 exd5 14. a4 Rfe8 15. d4 Rad8 16. dxc5 bxc5 17. Ndc4 dxc4 18. Qxd6 Rxd6 19. Bxb7 c3 20. Bxc3 Rb6 21. Bc6 Nfd5 22. Bxe8 Nxc3 23. Bxf7+ Kf8 24. f4 Nxe2+ 25. Kg2 Nd4 26. Bc4 Nc2 27. Nd7+ Ke7 28. Nxb6 Bxa1 29. Rc1 Ne3+ 30. Kf3 Bb2 31. Re1 axb6 32. Rxe3+ Kd6 33. g4 Bd4 34. Re1 h6 35. a5 1-0

[Event "Chess24 Banter Blitz Cup"]
[Site "chess24.com INT"]
[Date "2019.11.13"]
[Round "1.2"]
[White "Shimanov, Aleksandr"]
[Black "Nielsen, Peter Heine"]
[Result "1-0"]
[WhiteElo "2587"]
[BlackElo "2617"]
[PlyCount "87"]
[EventDate "2019.09.25"]
[EventType "k.o. (blitz)"]
[EventRounds "7"]
[EventCountry "USA"]
[SourceTitle "CBM 194 Extra"]
[Source "ChessBase"]
[SourceDate "2020.03.31"]
[SourceVersion "1"]
[SourceVersionDate "2020.03.31"]
[SourceQuality "1"]

1. Nf3 d5 2. g3 g6 3. Bg2 Bg7 4. O-O c6 5. d3 e5 6. e4 dxe4 7. dxe4 Qxd1 8. Rxd1 Ne7 9. Nbd2 $146 ({RR} 9. Be3 Nd7 10. Nbd2 O-O 11. Nc4 h6 12. Nd6 Nb6 13. a4 f5 14. a5 fxe4 15. axb6 exf3 16. Rxa7 Rxa7 17. bxa7 Bg4 18. Nxb7 Nd5 19. Bc5 Ra8 20. Bf1 Bf8 21. Ra1 Bc8 22. Nd6 Nc7 23. Bd3 Bf5 {Csicsay,I (2245)-Kovacs,G (2144) Hungary 2006 1-0 (43)}) ({RR} 9. Na3 b5 10. Be3 h6 11. Bc5 Be6 12. c4 bxc4 13. Rac1 Nd7 14. Bd6 Nb6 15. Bxe5 O-O 16. Bxg7 Kxg7 17. Nd4 Rad8 18. Nxe6+ fxe6 19. Bf1 e5 20. Nxc4 Nxc4 21. Bxc4 Rd4 22. Rxd4 exd4 23. Kf1 g5 {Ibarra Jerez,J (2567)-Goltsev,D (2215) chess.com INT 2023 1-0 (52)}) 9... Be6 10. Ng5 Bg4 11. f3 Bc8 12. Nc4 O-O 13. Be3 h6 14. Nh3 Be6 15. Bf1 b6 16. a4 Nd7 17. Nf2 Rfd8 18. Nd6 Bf8 19. Rd2 Rdb8 20. Rad1 a6 21. Bc4 Bxc4 22. Nxc4 b5 23. Na5 Nb6 24. Nd3 Nxa4 25. c3 c5 26. Nxe5 c4 27. Nd7 Rc8 28. Bd4 Nc6 29. Nf6+ Kh8 30. Nxc6 Rxc6 31. Ng4+ Kg8 32. Nf6+ Kh8 33. Nd7+ Kg8 34. Ne5 Rcc8 35. Be3 Nc5 36. Bxc5 Bxc5+ 37. Kf1 a5 38. Nd7 a4 39. Rd5 a3 40. bxa3 Be7 41. Nb6 Bf8 42. Nxc8 Rxc8 43. Rxb5 Ra8 44. Ra1 1-0

[Event "Chess24 Banter Blitz Cup"]
[Site "chess24.com INT"]
[Date "2019.10.08"]
[Round "1.3"]
[White "Bruzon Batista, Lazaro"]
[Black "Bellahcene, Bilel"]
[Result "1-0"]
[WhiteElo "2644"]
[BlackElo "2540"]
[PlyCount "49"]
[EventDate "2019.09.25"]
[EventType "k.o. (blitz)"]
[EventRounds "7"]
[EventCountry "USA"]
[SourceTitle "CBM 195 Extra"]
[Source "ChessBase"]
[SourceDate "2020.05.31"]
[SourceVersion "1"]
[SourceVersionDate "2020.05.31"]
[SourceQuality "1"]

1. Nf3 Nf6 2. g3 e6 3. Bg2 d5 4. O-O b5 5. d3 Bb7 6. c4 bxc4 ({RR} 6... a6 7. cxd5 exd5 8. d4 Be7 9. b3 O-O 10. Bb2 Nbd7 11. Nc3 Bd6 12. e3 Qe7 13. Rc1 Rfe8 14. a4 b4 15. Ne2 a5 16. Nf4 Ne4 17. Re1 c6 18. Re2 Rac8 19. Rec2 Ndf6 20. Nd3 Rc7 21. Nfe5 {Khismatullin,D (2617)-Andreikin,D (2736) Sochi 2016 ½-½ (47)}) 7. dxc4 Be7 8. Nbd2 $146 ({RR} 8. Qb3 Qc8 9. Nc3 c6 10. cxd5 exd5 11. e4 O-O 12. exd5 cxd5 13. Bg5 Nbd7 14. Rac1 Nc5 15. Qd1 Qd8 16. Re1 h6 17. Be3 Nce4 18. Qb3 Ba6 19. Qa4 Nxc3 20. Qxa6 Nce4 21. Ne5 d4 22. Red1 dxe3 {Freyre Forest,J (2220)-Miguel,M Puerto Rico 1998 1-0 (34)}) ({RR} 8. Qb3 Qc8 9. Ne5 O-O 10. Nc3 c6 11. Rd1 Nbd7 12. Nxd7 Nxd7 13. e4 Nc5 14. Qc2 dxc4 15. Be3 Nd3 16. Ne2 Ba6 17. f4 Rb8 18. Rab1 c5 19. e5 Rd8 20. Be4 Nb4 21. Qa4 Nd5 22. Bf2 Bb5 {Glashausser,S (1973)-Goncalves,S (2208) chess.com INT 2024 1-0 (38)}) ({RR} 8. cxd5 exd5 9. Nd4 Qd7 10. Qc2 Ne4 11. Nc3 Nxc3 12. bxc3 O-O 13. Rb1 c5 14. Qf5 Rd8 15. Qxd7 Rxd7 16. Rxb7 Rxb7 17. Bxd5 Rd7 18. Nf5 Bf6 19. Bxa8 Bxc3 20. Bf4 Na6 21. a3 g6 22. Bc6 Rd8 {Mikhalevski,V (2581)-Zhu,J (2424) Chess.com INT 2019 1-0 (35)}) 8... O-O 9. b3 d4 10. Bb2 c5 11. e3 dxe3 12. fxe3 Nbd7 13. Qe2 Qc7 14. e4 Rad8 15. e5 Ne8 16. Ne4 h6 17. Rae1 Kh8 18. g4 Nb8 19. g5 h5 20. g6 fxg6 21. Nfg5 Rxf1+ 22. Rxf1 Bxe4 23. Nf7+ Kg8 24. Bxe4 Rd7 25. Bxg6 1-0

[Event "Chess24 Banter Blitz Cup"]
[Site "chess24.com INT"]
[Date "2019.10.08"]
[Round "1.3"]
[White "Fressinet, Laurent"]
[Black "Alonso Rosell, Alvar"]
[Result "1-0"]
[WhiteElo "2633"]
[BlackElo "2548"]
[PlyCount "83"]
[EventDate "2019.09.25"]
[EventType "k.o. (blitz)"]
[EventRounds "7"]
[EventCountry "USA"]
[SourceTitle "CBM 195 Extra"]
[Source "ChessBase"]
[SourceDate "2020.05.31"]
[SourceVersion "1"]
[SourceVersionDate "2020.05.31"]
[SourceQuality "1"]

1. Nf3 d5 2. g3 Nf6 3. Bg2 b5 4. O-O Bb7 5. d3 e6 6. c4 bxc4 7. dxc4 c6 ({RR} 7... Be7 8. Qb3 Qc8 9. Ne5 O-O 10. Nc3 c6 11. Rd1 Nbd7 12. Nxd7 Nxd7 13. e4 Nc5 14. Qc2 dxc4 15. Be3 Nd3 16. Ne2 Ba6 17. f4 Rb8 18. Rab1 c5 19. e5 Rd8 20. Be4 Nb4 21. Qa4 Nd5 22. Bf2 {Glashausser,S (1973)-Goncalves,S (2208) chess.com INT 2024 1-0 (38)}) 8. b3 Be7 9. Bb2 O-O 10. Nbd2 $146 ({RR} 10. Nc3 Nbd7 11. Rc1 Rc8 12. e3 Ba6 13. Ne2 Qa5 14. Qc2 h6 15. Rfd1 Rfd8 16. Nd2 Ba3 17. Nf4 Bxb2 18. Qxb2 Qb6 19. Nd3 c5 20. Qc2 Qa5 21. cxd5 exd5 22. Nf4 Ne5 23. Qf5 Nc6 24. Nxd5 Rxd5 {Shimanov,A (2610)-Noritsyn,N (2484) Chess.com INT 2019 ½-½ (73)}) 10... a5 11. Qc2 Na6 12. a3 Qb6 13. Rab1 Rac8 14. Ng5 d4 15. e3 e5 16. exd4 exd4 17. Rbe1 Rfe8 18. Ndf3 c5 19. Ne5 Bxg2 20. Kxg2 Rb8 21. Nexf7 Qxb3 22. Qf5 Qxc4 23. Ne5 Qd5+ 24. Kg1 Rxb2 25. Qh3 d3 26. Nxd3 Qxg5 27. Qe6+ Kh8 28. Nxb2 Qd5 29. Qxa6 Qf7 30. Qb7 Ng8 31. Nd3 Rf8 32. Ne5 Qf6 33. Qd5 Qf5 34. Qd7 Qxd7 35. Nxd7 Rd8 36. Nb6 Rd3 37. Nc4 Rc3 38. Rc1 Rd3 39. Rfd1 Rb3 40. Rd7 a4 41. Ne5 Rxa3 42. Nf7# 1-0

[Event "Chess24 Banter Blitz Cup"]
[Site "chess24.com INT"]
[Date "2019.11.06"]
[Round "1.4"]
[White "Chigaev, Maksim"]
[Black "Ibarra Jerez, Jose Carlos"]
[Result "1-0"]
[WhiteElo "2644"]
[BlackElo "2538"]
[PlyCount "99"]
[EventDate "2019.09.25"]
[EventType "k.o. (blitz)"]
[EventRounds "7"]
[EventCountry "USA"]
[SourceTitle "CBM 192 Extra"]
[Source "Chessbase"]
[SourceDate "2019.11.06"]
[SourceVersion "1"]
[SourceVersionDate "2019.11.06"]
[SourceQuality "1"]

1. e4 c5 2. Nf3 Nc6 3. g3 Nf6 4. d3 d5 5. exd5 Nxd5 6. Bg2 g6 7. O-O Bg7 8. Re1 O-O 9. Nbd2 e5 10. a4 b6 $146 ({RR} 10... h6 11. Nc4 Re8 12. Nfd2 b6 13. Ne4 Re6 14. c3 Bb7 15. a5 f5 16. Ned2 Nce7 17. Qb3 Kh7 18. Nf3 Qc7 19. Nfxe5 Bxe5 20. d4 Bxg3 21. Rxe6 Bxh2+ 22. Kf1 Bf4 23. a6 Bc6 24. Bxf4 Nxf4 25. Rxe7+ {Savchenko,B (2535)-Xiong,J (2700) Chess.com INT 2021 0-1 (42)}) ({RR} 10... h6 11. Nc4 Re8 12. h4 Nb6 13. Nfd2 Qc7 14. Na3 Be6 15. Nb5 Qe7 16. c3 Rad8 17. Qc2 Bf5 18. Ne4 c4 19. dxc4 Nxc4 20. b3 Nb6 21. Ba3 Qe6 22. Nc7 Qd7 23. Nxe8 Qxe8 24. Rad1 Nc8 25. Rxd8 {Garcia Almaguer,J (2120)-Baskakov,E (2215) chess.com INT 2024 0-1 (41)}) ({RR} 10... h6 11. Nc4 Re8 12. c3 Bf5 13. a5 Qd7 14. Be3 Nxe3 15. Nxe3 Bxd3 16. Nd2 Rad8 17. Ne4 Qe7 18. Qb3 Kh8 19. Nd5 c4 20. Qb5 Qf8 21. a6 Rb8 22. axb7 Nd8 23. Nc5 Nxb7 24. Nxb7 e4 25. Rxa7 {Braun,C (2394)-Seliverstov,V (2462) Chess.com INT 2019 1-0}) 11. Nc4 f6 12. c3 Be6 13. a5 b5 14. Ne3 Nxa5 15. Ng5 fxg5 16. Nxd5 Bxd5 17. Bxg5 Qd7 18. Bxd5+ Qxd5 19. Rxa5 e4 20. Be3 exd3 21. Rxb5 Rac8 22. Qa4 Rfe8 23. Rd1 Bf8 24. c4 Qf5 25. Rb3 Rcd8 26. Rbxd3 Rxd3 27. Rxd3 Qxd3 28. Qxe8 Qxc4 29. Bh6 Qf7 30. Qa8 c4 31. Qc8 c3 32. Bxf8 Qxf8 33. Qc4+ Qf7 34. Qxc3 h5 35. h4 Kh7 36. Kg2 Qb7+ 37. f3 Qg7 38. Kf2 Qxc3 39. bxc3 a5 40. Ke2 a4 41. Kd2 a3 42. Kc2 a2 43. Kb2 a1=Q+ 44. Kxa1 g5 45. Kb2 gxh4 46. gxh4 Kg6 47. c4 Kf6 48. Kc3 Ke6 49. Kd4 Kd6 50. Ke4 1-0

[Event "Chess24 Banter Blitz Cup"]
[Site "chess24.com INT"]
[Date "2019.10.18"]
[Round "1.7"]
[White "Gordievsky, Dmitry"]
[Black "Banusz, Tamas"]
[Result "1-0"]
[WhiteElo "2579"]
[BlackElo "2619"]
[PlyCount "71"]
[EventDate "2019.09.25"]
[EventType "k.o. (blitz)"]
[EventRounds "7"]
[EventCountry "USA"]
[SourceTitle "CBM 192 Extra"]
[Source "Chessbase"]
[SourceDate "2019.11.06"]
[SourceVersion "1"]
[SourceVersionDate "2019.11.06"]
[SourceQuality "1"]

1. Nf3 {Sadorra,Julio Roiz,Michael} d5 2. c4 d4 3. b4 Bg4 4. Qb3 a5 ({RR} 4... Nf6 5. g3 a5 ({RR} 5... Nbd7 6. Nxd4 e5 7. Nc2) 6. b5 a4 7. Qd3 ({RR} 7. Qb2 Bxf3 8. exf3 e5 9. Bg2 Nbd7 10. d3 Bd6 11. O-O O-O) 7... Bxf3 ({RR} 7... c5 8. Bg2 ({RR} 8. Ne5 Bh5 9. Bg2 Nbd7 10. f4) 8... Nbd7 9. h3 Bh5 10. O-O e5) 8. Qxf3 c6 9. Bg2 e5 ({RR} 9... e6 10. O-O Bc5 11. d3 O-O 12. Bg5 ({RR} 12. Nd2 cxb5 13. Qxb7 Ra5 14. cxb5 Nd5) 12... h6 13. Bxf6 Qxf6 14. Qxf6 gxf6 15. Nd2) 10. O-O Be7 ({RR} 10... Bc5 11. d3 O-O 12. Bg5) 11. d3 O-O 12. Nd2 h5 ({RR} 12... Nfd7 13. Rb1 f5 14. g4 f4 ({RR} 14... g6 15. gxf5 gxf5 16. Bh3) 15. Ne4) 13. h3 ({RR} 13. Rb1 h4 14. bxc6 bxc6 15. Ne4) 13... g6 14. Rb1 Nh7 ({RR} 14... Qc7 15. Bb2 Nh7 16. e3) 15. e3 Re8 ({RR} 15... Ng5 16. Qe2 Ne6 17. exd4 Nxd4 18. Qxe5 Bf6 19. Qe3 Bg7) 16. exd4 exd4 17. Re1 h4 ({RR} 17... Ng5 18. Qd1 Bf8 19. Ne4 Nxe4 20. Rxe4 Rxe4 21. Bxe4 Qc7 22. Qf3 Nd7 23. bxc6 Ne5 24. Qg2 bxc6 25. f4) 18. bxc6 ({RR} 18. gxh4 Bxh4 19. Rxe8+ Qxe8 20. Ba3) 18... bxc6 19. Rb7 {Svidler,P (2745)-Li,C (2746) Moscow 2016 CBM 175 [Roiz,Michael] 1-0 (42)}) ({RR} 4... c6 5. g3 Bxf3 6. exf3 a5 7. bxa5 Qc7 8. f4 Nd7) ({RR} 4... Bxf3 5. Qxf3 c6 6. Qb3 a5 7. bxa5 Qd7 8. d3 Rxa5 9. Nd2 e5 10. g3 Na6 11. Bg2 Nc5 12. Qc2 Nf6) 5. Ne5 $146 ({RR} 5. b5 e6 6. g3 a4 7. Qd3 c5 8. Bg2 Nd7 ({RR} 8... Bf5 9. e4 dxe3 ({RR} 9... Bg6 10. Ne5) 10. Qxd8+ Kxd8 11. fxe3) 9. O-O Be7 10. Qc2 h5 11. e3 dxe3 12. dxe3 h4 13. Nc3 hxg3 14. hxg3 a3 15. Rb1 Ngf6 16. Rb3 Qb8 17. Rxa3 Rxa3 18. Bxa3 Ne5 19. Nd2 Bh3 {Hillarp Persson,T (2536)-Brkic,A (2595) Chess.com INT 2020 ½-½ (51)}) ({RR} 5. b5 a4 6. Qd3 c5 7. h3 Bc8 8. e3 dxe3 9. Qxd8+ Kxd8 10. fxe3 Nd7 11. d4 e6 12. Nc3 f6 13. a3 Nh6 14. Bb2 cxd4 15. Kf2 Nf5 16. exd4 e5 17. Nd5 exd4 18. g4 Ne3 19. Nxe3 dxe3+ {Pantsulaia,L (2597)-Daaevik Wadhawan (1886) New Delhi IND 2023 ½-½ (38)}) ({RR} 5. b5 e6 6. g3 a4 7. Qd3 c5 8. Bg2 Nd7 9. Qc2 Bd6 10. O-O ({RR} 10. d3 Ngf6 11. O-O O-O 12. Nbd2) ({RR} 10. e3 dxe3 11. dxe3 Bxf3 12. Bxf3 Qf6) 10... h5 11. d3 ({RR} 11. h3 Bxf3 12. Bxf3 ({RR} 12. exf3 h4 13. f4) 12... h4) ({RR} 11. h4 Ne7 ({RR} 11... Nh6)) 11... h4 12. Nxh4 ({RR} 12. Bg5 f6 13. Bxh4 g5) 12... Rxh4 13. gxh4 Qxh4 14. f4 Nh6 15. e4 dxe3 16. Bxe3 Ke7 ({RR} 16... Nf5 17. Qf2 ({RR} 17. Bf2 Qh5 ({RR} 17... Qh6)) 17... Qh5 18. Bxb7 Rb8 19. Be4 Ke7 20. Nc3 Rh8 21. Rfe1 ({RR} 21. Rae1 Bh3 ({RR} 21... Rh6 22. Bxf5 Bxf5 23. Ne4)) 21... Rh6 ({RR} 21... Nxe3 22. Rxe3 g5) 22. Bxf5 Bxf5 23. Ne4) 17. Bf2 Qh5 18. Bg3 Nf5 19. Nc3 ({RR} 19. Qd2 g5 20. Nc3 Nxg3 21. hxg3 gxf4 ({RR} 21... Rh8) 22. gxf4 Rh8) 19... Rh8 {Sadorra,J (2553)-Saric,I (2689) Batumi 2018 CBM 187 [Sadorra,Julio] ½-½ (35)} ({RR} 19... Ne3 20. Qf2 Nxf1 21. Rxf1)) 5... Be6 6. b5 Nd7 7. Nxd7 Qxd7 8. g3 a4 9. Qc2 Bf5 10. d3 e5 11. Bg2 c6 12. O-O Nf6 13. Bg5 Be7 14. Nd2 c5 15. Nf3 Qd6 16. Nh4 Bc8 17. e4 h6 18. Bd2 Qc7 19. Nf5 Bxf5 20. exf5 O-O 21. Qd1 Bd6 22. Qf3 Rab8 23. Rae1 b6 24. h4 Rfe8 25. g4 e4 26. dxe4 Nd7 27. g5 Ne5 28. Qh5 hxg5 29. hxg5 Nxc4 30. Bc1 Bf4 31. g6 Bxc1 32. Rxc1 fxg6 33. fxg6 Qe5 34. Qh7+ Kf8 35. f4 Qe6 36. f5 1-0

[Event "Chess24 Banter Blitz Cup"]
[Site "chess24.com INT"]
[Date "2019.11.06"]
[Round "1.8"]
[White "Chigaev, Maksim"]
[Black "Ibarra Jerez, Jose Carlos"]
[Result "1-0"]
[WhiteElo "2644"]
[BlackElo "2538"]
[PlyCount "103"]
[EventDate "2019.09.25"]
[EventType "k.o. (blitz)"]
[EventRounds "7"]
[EventCountry "USA"]
[SourceTitle "CBM 192 Extra"]
[Source "Chessbase"]
[SourceDate "2019.11.06"]
[SourceVersion "1"]
[SourceVersionDate "2019.11.06"]
[SourceQuality "1"]

1. e4 e5 2. Nf3 d6 3. g3 Nf6 4. d3 g6 5. Bg2 Bg7 6. O-O O-O 7. Nbd2 c5 8. a4 Nc6 9. Re1 h6 10. Nc4 Be6 11. c3 ({RR} 11. b3 a6 12. Be3 Qc7 13. Qd2 Ng4 14. h3 Nxe3 15. Nxe3 Ne7 16. Nh4 Kh7 17. Kh2 b5 18. Bf1 Bd7 19. a5 f5 20. exf5 gxf5 21. Bg2 Rab8 22. Nd5 Nxd5 23. Bxd5 {½-½ (23) Tomcikova,Z (1858)-Bourban,K (1754) Ceske Budejovice CZE 2024}) 11... Qc7 ({RR} 11... b6 12. Ne3 d5 13. exd5 Nxd5 14. Nc4 Qc7 15. a5 b5 16. Ne3 a6 17. Ng5 hxg5 18. Nxd5 Bxd5 19. Bxd5 Rad8 20. Ba2 c4 21. Bxg5 Rxd3 22. Qg4 f5 23. Qe2 e4 24. Bb1 Ne5 25. Bf4 Nf3+ 26. Qxf3 {Nakamura,H (2768)-Mitrabha,G (2510) chess.com INT 2023 1-0}) 12. Nfd2 Rad8 13. Ne3 $146 ({RR} 13. Qc2 Rfe8 14. Ne3 d5 15. exd5 Nxd5 16. Ne4 b6 17. Qe2 Nxe3 18. fxe3 Qd7 19. Nf2 Na5 20. Qf3 Kh7 21. e4 Nb3 22. Ra3 Nxc1 23. Rxc1 c4 24. Bf1 cxd3 25. Bxd3 Qb7 26. Raa1 Re7 27. Rd1 Bb3 {Ralis,P (2183)-Adamek,Z (2186) Czech Republic 2019 ½-½ (42)}) 13... Rfe8 14. Nd5 Bxd5 15. exd5 Ne7 16. Qb3 Nd7 17. a5 f5 18. Nc4 Kh7 19. a6 b6 20. Na3 Nf6 21. Nb5 Qb8 22. f4 e4 23. c4 Neg8 24. Bd2 Re7 25. Re2 Rde8 26. Rae1 Qd8 27. Qc2 Qd7 28. Bc3 e3 29. Bf3 h5 30. Qc1 Ng4 31. Bxg4 fxg4 32. Rxe3 Nh6 33. Re4 Nf5 34. Rxe7 Rxe7 35. Re4 h4 36. Qe1 hxg3 37. hxg3 Rf7 38. Kg2 Bxc3 39. bxc3 Qc8 40. Re8 Qxa6 41. Nxd6 Qa2+ 42. Re2 Qxe2+ 43. Qxe2 Nxd6 44. Qe6 a5 45. Qxd6 a4 46. Qxb6 Re7 47. Qxc5 Re2+ 48. Kf1 Ra2 49. d6 Kh6 50. d7 Ra1+ 51. Ke2 Ra2+ 52. Ke3 1-0

[Event "Chess24 Banter Blitz Cup"]
[Site "chess24.com INT"]
[Date "2019.11.13"]
[Round "1.8"]
[White "Bok, Benjamin"]
[Black "Theodorou, Nikolas"]
[Result "1-0"]
[WhiteElo "2640"]
[BlackElo "2541"]
[PlyCount "105"]
[EventDate "2019.09.25"]
[EventType "k.o. (blitz)"]
[EventRounds "7"]
[EventCountry "USA"]
[SourceTitle "CBM 193 Extra"]
[Source "ChessBase"]
[SourceDate "2020.01.31"]
[SourceVersion "1"]
[SourceVersionDate "2020.01.31"]
[SourceQuality "1"]

1. Nf3 b6 2. g3 Bb7 3. Bg2 h5 ({RR} 3... f5 4. d4 Nf6 5. c4 g6 6. O-O Bg7 7. Nc3 Ne4 8. Qc2 Nxc3 9. Qxc3 O-O 10. Rd1 e6 11. b3 c5 12. Bb2 Be4 13. Qd2 Nc6 14. d5 Bxb2 15. Qxb2 exd5 16. cxd5 Nb4 17. Ne1 Qf6 18. Qd2 {Psakhis,L (2545)-Bauer,C (2599) Playchess.com INT 2004 0-1 (43)}) 4. c4 $146 ({RR} 4. O-O d6 5. d4 e6 6. c4 Nd7 7. Nc3 Be7 8. h4 Ngf6 9. d5 e5 10. Ng5 a5 11. Qc2 Nc5 12. a3 a4 13. Rb1 Bc8 14. Be3 Ng4 15. Bxc5 bxc5 16. Qd2 Bxg5 17. hxg5 h4 18. f3 hxg3 {Urbina Perez,J (2189)-Marder,S (1990) Caleta 2011 1-0}) ({RR} 4. O-O e6 5. d3 Be7 6. e4 h4 7. Bf4 hxg3 8. fxg3 Nf6 9. Ng5 d6 10. e5 Bxg2 11. exf6 gxf6 12. Nxf7 Kxf7 13. Kxg2 e5 14. Qf3 Na6 15. Qd5+ Kg7 16. Bd2 Qd7 17. h4 Rag8 18. Nc3 Kf8 {Ejsymont,B (2003)-Navalgund,N (2239) chess.com INT 2025 1-0}) ({RR} 4. h4 d6 5. d3 Nd7 6. e4 e5 7. Nbd2 Nh6 8. Nc4 f5 9. Ng5 Qf6 10. Qxh5+ g6 11. Qe2 O-O-O 12. Bd2 Nc5 13. O-O-O Ne6 14. Nxe6 Qxe6 15. Kb1 Nf7 16. Ne3 Kb8 17. exf5 gxf5 18. Bxb7 Kxb7 {Carvalho,C (1993)-Jesus Filho,J (1855) Rio de Janeiro 2017 1-0 (52)}) 4... Nf6 5. Nc3 g6 6. d4 e6 7. O-O h4 8. Nxh4 Bxg2 9. Kxg2 Nc6 10. Nf3 d5 11. Bg5 Be7 12. Qa4 Qd7 13. Ne5 Nxe5 14. dxe5 Qxa4 15. Nxa4 Ng4 16. Bxe7 Kxe7 17. h3 Nxe5 18. cxd5 exd5 19. Rac1 c5 20. e3 Rhd8 21. Rfd1 Rac8 22. Nc3 Ke6 23. Ne2 g5 24. g4 Ng6 25. f4 Kf6 26. Nc3 Ne7 27. fxg5+ Kxg5 28. Rd2 f5 29. Rcd1 fxg4 30. Nxd5 Nf5 31. hxg4 Nd4 32. Ne7 Rc7 33. exd4 Rxe7 34. dxc5 Rxd2+ 35. Rxd2 Kxg4 36. cxb6 axb6 37. Kf2 Kf4 38. Rd3 Rh7 39. Ke1 Ke4 40. Rb3 Rh2 41. Rxb6 Ke3 42. Kf1 Kd3 43. a4 Kc4 44. a5 Rh1+ 45. Kg2 Ra1 46. b4 Ra3 47. a6 Ra4 48. b5 Kc5 49. Rb7 Ra5 50. a7 Ra2+ 51. Kg3 Rxa7 52. Rxa7 Kxb5 53. Rg7 1-0

[Event "Chess24 Banter Blitz Cup"]
[Site "chess24.com INT"]
[Date "2019.11.13"]
[Round "1.8"]
[White "Shimanov, Aleksandr"]
[Black "Nielsen, Peter Heine"]
[Result "1-0"]
[WhiteElo "2587"]
[BlackElo "2617"]
[PlyCount "107"]
[EventDate "2019.09.25"]
[EventType "k.o. (blitz)"]
[EventRounds "7"]
[EventCountry "USA"]
[SourceTitle "CBM 194 Extra"]
[Source "ChessBase"]
[SourceDate "2020.03.31"]
[SourceVersion "1"]
[SourceVersionDate "2020.03.31"]
[SourceQuality "1"]

1. Nf3 f5 2. d3 Nc6 3. d4 d5 ({RR} 3... e6 4. g3 Nf6 5. Bg2 g6 6. O-O Bg7 7. c4 O-O 8. Nc3 d6 9. d5 Ne7 10. dxe6 Bxe6 11. b3 h6 12. Bb2 Bf7 13. Qc2 Nc6 14. Rad1 Qe7 15. e3 Rae8 16. a3 Ne4 17. Nd5 Bxd5 18. cxd5 {Carlsen,M (2859)-Vachier Lagrave,M (2736) chess.com INT 2022 0-1 (64)}) 4. Bf4 ({RR} 4. g3 e6 5. Bg2 Nf6 6. O-O Be7 7. c4 Ne4 8. Nc3 O-O 9. cxd5 exd5 10. Qb3 Kh8 11. Rd1 Na5 12. Qc2 Nc4 13. Ne5 Nxc3 14. bxc3 Nb6 15. a4 c6 16. a5 Nd7 17. c4 dxc4 18. Nxc4 Nf6 {Czopor,M (2412)-Baranyai-Molnar,A (2301) Karlsruhe GER 2025 1-0 (31)}) 4... e6 5. e3 Bd6 6. Bb5 $146 ({RR} 6. c4 Nf6 7. Nc3 O-O 8. c5 Bxf4 9. exf4 a6 10. Bd3 Bd7 11. Ne2 Be8 12. Ne5 Nxe5 13. fxe5 Nh5 14. f4 g5 15. Qd2 gxf4 16. Nxf4 Nxf4 17. Qxf4 Bb5 18. Bc2 Kh8 19. a4 Be8 20. Ra3 Rg8 {Krasenkow,M (2640)-Moskalenko,V (2520) Hoogeveen 2013 0-1 (40)}) 6... Bd7 7. Bxc6 Bxc6 8. O-O Nf6 9. Nbd2 O-O 10. c4 Bxf4 11. exf4 dxc4 12. Nxc4 Bxf3 13. Qxf3 Qxd4 14. b3 Qd5 15. Qe3 Rfd8 16. h3 Qe4 17. Rfe1 Qxe3 18. Rxe3 Nd5 19. Rxe6 Rd7 20. g3 Rad8 21. Rae1 Nf6 22. Kg2 Ne4 23. g4 Nf6 24. gxf5 Kf8 25. Kf3 Rd1 26. R1e2 R1d3+ 27. R6e3 R3d5 28. Ne5 c6 29. Rc2 Rd2 30. Re2 Rxc2 31. Rxc2 Rd4 32. Rc4 Rd2 33. Ra4 a6 34. Rb4 b5 35. Nxc6 Rxa2 36. Rd4 Ra3 37. Rd3 a5 38. Ke3 a4 39. bxa4 Rxa4 40. Ne5 b4 41. Kd2 Ra2+ 42. Kc1 Rxf2 43. Rd4 b3 44. Rb4 Nd5 45. Rxb3 Nxf4 46. Rb7 Nxh3 47. Rf7+ Ke8 48. Rxg7 Rxf5 49. Ng4 h5 50. Ne3 Re5 51. Kd2 Nf4 52. Nc4 Rd5+ 53. Kc3 Rc5 54. Kb4 1-0

[Event "Chess24 Banter Blitz Cup"]
[Site "chess24.com INT"]
[Date "2019.10.14"]
[Round "1.13"]
[White "Moussard, Jules"]
[Black "Grigoryan, Karen H"]
[Result "1-0"]
[WhiteElo "2608"]
[BlackElo "2608"]
[PlyCount "77"]
[EventDate "2019.09.25"]
[EventType "k.o. (blitz)"]
[EventRounds "7"]
[EventCountry "USA"]
[SourceTitle "CBM 192 Extra"]
[Source "Chessbase"]
[SourceDate "2019.11.06"]
[SourceVersion "1"]
[SourceVersionDate "2019.11.06"]
[SourceQuality "1"]

1. Nf3 g6 2. g3 Bg7 3. Bg2 e5 4. O-O d5 5. d3 Ne7 6. c4 dxc4 7. Qa4+ Nbc6 8. Qxc4 O-O 9. Nc3 h6 ({RR} 9... Be6 10. Qa4 Nd4 11. Nxd4 exd4 12. Ne4 Bd5 13. Bg5 f6 14. Bf4 f5 15. Ng5 Bxg2 16. Kxg2 Qd5+ 17. Nf3 c6 18. Rac1 h6 19. h4 Rfe8 20. b4 Qd7 21. Be5 Bxe5 22. Nxe5 Qe6 23. Nf3 Qxe2 24. Qb3+ {Pranesh,M (2572)-Kobalia,M (2538) chess.com INT 2025 1-0}) 10. Qa4 $146 ({RR} 10. a3 Be6 11. Qa4 a5 12. Bd2 Nd4 13. Nxd4 exd4 14. Ne4 Bd5 15. Rac1 c6 16. Nc5 Bxg2 17. Kxg2 Ra7 18. Qc4 Nd5 19. Nb3 a4 20. Na1 Re8 21. Rfe1 h5 22. h4 Qd7 23. Nc2 Nc7 24. Nb4 Qg4 {Sviridov,V (2562)-Nestorovic,N (2477) Chess.com INT 2020 0-1 (70)}) ({RR} 10. Be3 Re8 11. Rac1 Be6 12. Qa4 f5 13. Qd1 Kh7 14. b3 Qd6 15. Nb5 Qd7 16. Nc3 Rad8 17. Na4 Bd5 18. Nc3 Bf7 19. Na4 Bd5 20. Nc3 Bf7 21. Na4 Qc8 22. Qc2 Nd5 23. Nd2 Ncb4 24. Qb1 e4 {Simov,S (2178)-Veljanoski,A (2270) Ohrid MKD 2023 0-1 (54)}) 10... Bd7 11. Be3 Nd4 12. Qd1 Bc6 13. Rc1 Nxf3+ 14. Bxf3 Bxf3 15. exf3 Nf5 16. Ne4 b6 17. Rc6 Qd5 18. Rxc7 Qxa2 19. Qc2 Rfd8 20. Rd1 Qd5 21. b4 Qb5 22. Qb3 Qd5 23. Qc2 Nd4 24. Bxd4 exd4 25. Kg2 a5 26. bxa5 bxa5 27. Rb1 a4 28. Nd2 a3 29. Nc4 Ra6 30. Ra1 Rf6 31. Qe2 Kh7 32. Qe4 Qh5 33. f4 Bf8 34. Nxa3 Qa5 35. Qb7 Kg8 36. Nc2 Qd2 37. Ra7 Qxd3 38. Rxf7 Rb6 39. Rg7+ 1-0